书目信息 |
| 题名: |
素描人像
|
|
| 作者: | 王兆中 著 | |
| 分册: | ||
| 出版信息: | 天津 天津人民美术出版社 2000.01 |
|
| 页数: | 30页 | |
| 开本: | 16开 | |
| 丛书名: | ||
| 单 册: | ||
| 中图分类: | J211.25 | |
| 科图分类: | ||
| 主题词: | 绘画--技法(美术) | |
| 电子资源: | ||
| ISBN: | 7-5305-1170-X | |
| 000 | 00516nam0 2200181 45 | |
| 001 | 0008211606 | |
| 005 | 20000821162657.5 | |
| 010 | @a7-5305-1170-X@dCNY 13.40 | |
| 100 | @a20000821d2000 km y0chiy0120 ea | |
| 101 | 0 | @achi |
| 200 | 1 | @a素描人像@ASu Miao Ren Xiang@f王兆中著@FWang Zhao Zhong Zhu |
| 210 | @a天津@c天津人民美术出版社@d2000.01 | |
| 215 | @a30页@d16开 | |
| 606 | 0 | @a绘画@x技法(美术) |
| 690 | @aJ211.25@v3 | |
| 701 | 0 | @a王兆中@4著 |
| 801 | @aCN@bPftUser@c20000821 | |
| 905 | @b113314-318@dJ211.25@eW983@f5 | |
| 素描人像/王兆中著.-天津:天津人民美术出版社,2000.01 |
| 30页;16开 |
| ISBN 7-5305-1170-X:CNY 13.40 |
| ● |
| 相关链接 |
|
|
|
正题名:素描人像
索取号:J211.25/W983
 
预约/预借
| 序号 | 登录号 | 条形码 | 馆藏地/架位号 | 状态 | 备注 |
| 1 | 113316 | 201133166 | 社科库309/309社科库 69排3列1层/ [索取号:J211.25/W983] | 在馆 | |
| 2 | 113317 | 201133175 | 社科库309/309社科库 69排3列1层/ [索取号:J211.25/W983] | 在馆 | |
| 3 | 113318 | 201133184 | 自科二线404/309社科库 69排3列4层/ [索取号:J211.25/W983] | 在馆 | |
| 4 | 113514 | 201135146 | 社科库309/309社科库 68排1列5层/ [索取号:J211.25/W983] | 在馆 | |
| 5 | 113515 | 201135155 | 社科库309/ [索取号:J211.25/W983] | 在馆 | |
| 6 | 113516 | 201135164 | 社科库309/309社科库 68排1列5层/ [索取号:J211.25/W983] | 在馆 | |
| 7 | 113517 | 201135173 | 社科库309/309社科库 68排1列5层/ [索取号:J211.25/W983] | 在馆 | |
| 8 | 113518 | 201135182 | 社科库309/309社科库 68排1列5层/ [索取号:J211.25/W983] | 在馆 |